Most ___ in NBA history - Statistics

General Stats
  • This quiz has been taken 64 times
    25 since last reset
  • The average score is 9 of 19
Answer Stats
Record Answer % Correct
Points (100) Wilt Chamberlain
100%
Rebounds (55) Wilt Chamberlain
100%
Field goal attempts (63) Wilt Chamberlain
100%
Field goals made (36) Wilt Chamberlain
100%
Points in a quarter (37) Klay Thompson
87%
Threes (14) Klay Thompson
87%
Free throws made (36) Bam Adebayo
48%
Free throws attempted (43) Bam Adebayo
48%
Quickest to record a triple double (14:33) Nikola Jokic
43%
Assists (30) Scott Skiles
43%
Turnovers (14) Jason Kidd
35%
Points off the bench (51) Jamal Crawford
30%
Blocks (17) Elmore Smith
22%
Points with 0 free throws attempted (50) Jamal Murray
13%
Free throws missed (23) Andre Drummond
9%
Minutes played (69) Dale Ellis
4%
Kendall Gill
4%
Field goals missed (42) Joe Fulks
0%
Steals (11) Larry Kenon
0%
No matching quizzes found
Score Distribution
Percent of People with Each Score
Percentile by Number Answered
Your Score History
You have not taken this quiz since the last reset